| 000 | 00562nam a2200193Ia 4500 | ||
|---|---|---|---|
| 003 | IN-BaIIA | ||
| 008 | 211028s9999 xx 000 0 eng d | ||
| 040 | _cIIA Library | ||
| 080 |
_a635.054 _bTRI |
||
| 100 |
_aTrivedi, P. P. _917909 |
||
| 245 | 0 |
_aBeautiful shrubs _cP. P. Trivedi |
|
| 260 |
_aNew Delhi _bIndian Council of Agricultural Research _c1990 |
||
| 300 | _axiv, 229p. | ||
| 650 |
_aGarden plants _917910 |
||
| 650 | _aGardening | ||
| 650 | _aNASA thesaurus | ||
| 650 |
_aShrubs _95828 |
||
| 942 | _cBK | ||
| 999 |
_c10536 _d10536 |
||